| 000 -LEADER |
| fixed length control field |
00518cam a22001337a 4500 |
| 008 - FIXED-LENGTH DATA ELEMENTS--GENERAL INFORMATION |
| fixed length control field |
180718b2002 xxu||||| |||| 00| 0 eng d |
| 100 ## - MAIN ENTRY--PERSONAL NAME |
| Personal name |
Silva, Luiz A. Pereira da |
| 245 ## - TITLE STATEMENT |
| Title |
A poverty analysis macroeconomic simulator (PAMS) linking household surveys with macro-models |
| Statement of responsibility, etc. |
by Luiz A. Pereira da Silva, B. Essama Nassah and Issouf Samake |
| 260 ## - PUBLICATION, DISTRIBUTION, ETC. |
| Place of publication, distribution, etc. |
Washington, D.C. |
| Name of publisher, distributor, etc. |
World Bank |
| Date of publication, distribution, etc. |
2002 |
| 300 ## - PHYSICAL DESCRIPTION |
| Extent |
67p. |
| 440 ## - SERIES STATEMENT/ADDED ENTRY--TITLE |
| Title |
Policy Research Working Paper, No.2888 |
| 700 ## - ADDED ENTRY--PERSONAL NAME |
| Personal name |
Samake, Issouf |
| 700 ## - ADDED ENTRY--PERSONAL NAME |
| Personal name |
Nassah, B. Essama |